| 000 | 00720nam a2200229 a 4500 | ||
|---|---|---|---|
| 999 |
_c10640 _d10640 |
||
| 001 | 10640 | ||
| 003 | BD-JhCC | ||
| 005 | 20230205134024.0 | ||
| 008 | 180801s20102000bg |||| |||| 000 0 ben d | ||
| 020 | _a9844582288 | ||
| 035 | _a(BD-JhCC)10640 | ||
| 040 |
_aBD-JhCC _dBD-JhCC |
||
| 041 | _aben | ||
| 082 |
_a891.443 _bOSM 2010 |
||
| 100 | _aওসমান, শওকত | ||
| 245 |
_aউপন্যাস সমগ্র / _cশওকত ওসমান |
||
| 260 |
_aঢাকা; _bসময় প্রকাশন, _c২০১০. |
||
| 300 |
_a১-৩ খন্ড ; _c২২ সে.মি. |
||
| 650 | _aCollection Bengali Novel | ||
| 942 |
_2ddc _cBK _08 |
||